Beszámoló a szakmai gyakorlatomról

Bibliográfiai részletek
Szerző: Őze-Márkus Éva
További közreműködők: Zelena Dr. András
Dokumentumtípus: Záródolgozat
Kulcsszavak:Rádió
Klubrádió Zrt.
Interjúkészítés
Szakmai gyakorlat
Online Access:http://dolgozattar.uni-bge.hu/14959

MARC

LEADER 00000nta a2200000 i 4500
001 dolg14959
005 20200401031234.0
008 180502suuuu hu o 000 hun d
040 |a BGE Dolgozattár Repozitórium  |b hun 
041 |a hu 
100 1 |a Őze-Márkus Éva 
245 1 0 |a Beszámoló a szakmai gyakorlatomról  |c Őze-Márkus Éva  |h [elektronikus dokumentum] 
516 |a Final_paper 
695 |a Rádió 
695 |a Klubrádió Zrt. 
695 |a Interjúkészítés 
695 |a Szakmai gyakorlat 
700 1 |a Zelena Dr. András  |e ths 
856 4 0 |u http://dolgozattar.uni-bge.hu/14959/1/%C5%90ze-M%C3%A1rkus%20%C3%89va%20Besz%C3%A1mol%C3%B3%20a%20szakmai%20gyakorlatomr%C3%B3l.pdf  |z Dokumentum-elérés